000
00312nam a22001217a 4500
003
SGT
082
_a
891.4309
_b
K10S
100
_a
शर्मा, नाथूराम
245
_a
कर्म यज्ञ है
260
_b
विपुल प्रकाशन
_c
2010
300
_a
72
942
_2
ddc
_c
BK
999
_c
31274
_d
31274